Love Johnny Carson: (Record no. 126965)

MARC details
000 -LEADER
campo de control de longitud fija 01966nam a22002417a 4500
003 - IDENTIFICADOR DE NÚMERO DE CONTROL
campo de control BJBSDDR
005 - FECHA Y HORA DE LA ÚLTIMA TRANSACCIÓN
campo de control 20260430105742.0
007 - CAMPO FIJO DE DESCRIPCIÓN FÍSICA--INFORMACIÓN GENERAL
campo de control de longitud fija ta
008 - DATOS DE LONGITUD FIJA--INFORMACIÓN GENERAL
campo de control de longitud fija 260430s2025 nyu||||| |||| 00| 0 eng d
020 ## - NÚMERO INTERNACIONAL ESTÁNDAR DEL LIBRO
Número Internacional Estándar del Libro 9780593472552
020 ## - NÚMERO INTERNACIONAL ESTÁNDAR DEL LIBRO
Número Internacional Estándar del Libro 0593472551
040 ## - FUENTE DE CATALOGACIÓN
Lengua de catalogación spa
Centro/agencia transcriptor BJBSDDR
041 ## - CÓDIGO DE IDIOMA
Código de lengua del texto/banda sonora o título independiente eng
050 ## - SIGNATURA TOPOGRÁFICA DE LA BIBLIOTECA DEL CONGRESO
Número de ítem M251l 2025
100 1# - ENTRADA PRINCIPAL--NOMBRE DE PERSONA
Nombre de persona Malkoff, Mark
9 (RLIN) 48219
245 10 - MENCIÓN DEL TÍTULO
Título Love Johnny Carson:
Resto del título One Obsessive Fan's Journey to Find the Genius Behind the Legend /
Mención de responsabilidad, etc. Mark Malkoff, David Ritz
260 ## - PUBLICACIÓN, DISTRIBUCIÓN, ETC.
Lugar de publicación, distribución, etc. New York:
Nombre del editor, distribuidor, etc. Dutton,
Fecha de publicación, distribución, etc. 2025
300 ## - DESCRIPCIÓN FÍSICA
Extensión ix, 453 pages :
Otras características físicas illustrations ;
Dimensiones 23 cm
520 ## - RESUMEN, ETC.
Sumario, etc. Over the course of his thirty-year career hosting The Tonight Show, Johnny Carson appeared on some 4,500 broadcasts, interviewed over 25,000 guests, and solidified himself as a warm, witty, comforting presence to US audiences during turbulent times.<br/><br/>Carson aficionado Mark Malkoff has amassed more Carson stories from original sources than anyone in entertainment history, speaking to over four hundred individuals, and now, in Love Johnny Carson, he sets the record straight in this comprehensive portrait of Carson's life, career, legacy, and character. Read about the debuts of stand-up comics like David Letterman and Ellen DeGeneres, the never-before-detailed reasons why Johnny stopped talking to Joan Rivers, why he banned guests like William Shatner and Orson Welles, the true origins of Carnac the Magnificent (it wasn’t stolen from Steve Allen), the part Johnny played in getting Nixon elected president, the beloved comedian who the Carson writers dreaded guest-hosting, and many other behind-the-scenes stories of the funniest and most beloved Carson moments of all time.<br/><br/>In the end, Malkoff's book serves not only as a biography but also as a love letter; a love letter to show business, to personalities, and to the singular show-business legend of Johnny Carson
700 1# - ENTRADA AGREGADA--NOMBRE PERSONAL
Nombre de persona Ritz, David
9 (RLIN) 48220
942 ## - ELEMENTOS DE ENTRADA SECUNDARIOS (KOHA)
Fuente del sistema de clasificación o colocación Clasificación de Library of Congress
Suprimir en OPAC No
Tipo de ítem Koha Libro
946 ## - PROCESAMIENTO DE INFORMACIÓN LOCAL (OCLC)
Iniciales del agente catalogador cmc
Holdings
Estatus retirado Estado de pérdida Fuente del sistema de clasificación o colocación Estado de daño No para préstamo Colección Biblioteca de origen Biblioteca actual Ubicación en estantería Fecha de adquisición Signatura topográfica completa Código de barras Visto por última vez Copia número Tipo de ítem Koha
    Clasificación de Library of Congress     Automatización y Procesos Técnicos Biblioteca Juan Bosch Biblioteca Juan Bosch Automatización y Procesos Técnicos (1er. Piso) 30/04/2026 M251l 2025 00000199740 30/04/2026 1 Libro